Geotechnical Engineering (Record no. 4935)

MARC details
000 -LEADER
fixed length control field 00448nam a22001697a 4500
005 - DATE AND TIME OF LATEST TRANSACTION
control field 20160630130157.0
008 - FIXED-LENGTH DATA ELEMENTS--GENERAL INFORMATION
fixed length control field 160630b xxu||||| |||| 00| 0 eng d
020 ## - INTERNATIONAL STANDARD BOOK NUMBER
ISBN 81-219-2457-X
041 ## - LANGUAGE CODE
Language code of text/sound track or separate title eng
082 ## - DEWEY DECIMAL CLASSIFICATION NUMBER
Item number 19849
100 ## - MAIN ENTRY--AUTHOR NAME
Personal name Ramamurthy Prof. T N & Sitharam Prof. T G
245 ## - TITLE STATEMENT
Title Geotechnical Engineering
260 ## - PUBLICATION, DISTRIBUTION, ETC. (IMPRINT)
Place of publication New Delhi
Name of publisher Sultan Chand & Sons,
Year of publication 2014
300 ## - PHYSICAL DESCRIPTION
Number of Pages 282
650 ## - SUBJECT ADDED ENTRY--TOPICAL TERM
Topical Term Diploma Engineering
942 ## - ADDED ENTRY ELEMENTS (KOHA)
Koha item type Books
Holdings
Lost status Damaged status Home library Current library Shelving location Date acquired Cost, normal purchase price Full call number Accession Number Koha item type Collection code
    JRU Library   SHELF-88-C 30/06/2016 215.00 19849 19849 Books  
    JRU Library JRU Library SHELF-88-C 30/06/2016 215.00 19849 19850 Books MINING
    JRU Library JRU Library SHELF-88-C 30/06/2016 215.00 19849 19851 Books MINING
    JRU Library JRU Library SHELF-88-C 30/06/2016 215.00 19849 19852 Books MINING
    JRU Library JRU Library SHELF-88-C 30/06/2016 215.00 19849 19853 Books MINING
    JRU Library JRU Library SHELF-88-C 30/06/2016 215.00 19849 19854 Books MINING
    JRU Library   SHELF-88-C 30/06/2016 215.00 19849 19855 Books  
    JRU Library   SHELF-76-E 30/06/2016 215.00 19849 19856 Books  
    JRU Library JRU Library SHELF-88-C 30/06/2016 215.00 19849 19857 Books MINING
    JRU Library JRU Library SHELF-88-C 30/06/2016 215.00 19849 19858 Books MINING